000 00445nam a22001697a 4500
005 20231206121346.0
008 231205b |||||||| |||| 00| 0 eng d
020 _a9789699251115
082 _a954.9143
_bMAQ-W
100 _aOrya; Maqbool Jan
245 _aThe Walled city of Lahore:
_cOrya; Maqbool Jan
260 _aPakistan
_bTropical Publisher
_c2009
300 _a301
505 _aInclude Index
650 _aArchitecture
999 _c34779
_d34779